Argentinian players in UEFA Champions League (2000-) - Statistics

General Stats
  • This quiz has been taken 85 times
  • The average score is 70 of 246
Answer Stats
Ranking Player Positions Nationality Matches Goals (assists) Periods Clubs % Correct
2 Ángel Di María MF, FW 116 24 (40) 2007-2008, 2010-2013, 2015-2025
100%
1 Lionel Messi MF, FW 163 129 (41) 2004-2023
100%
88 Emiliano Martínez GK 14 0 (0) 2014-2015, 2024-2025
96%
15 Lautaro Martínez FW 58 21 (5) 2018-2025
96%
61 Lisandro Martínez DF, MF 20 0 (1) 2019-2021, 2023-2024
96%
7 Sergio Agüero FW 79 41 (9) 2008-2009, 2011-2022
94%
4 Nicolás Otamendi DF 92 2 (2) 2011-2013, 2015-2019, 2021-2025
93%
6 Gonzalo Higuaín MF, FW 83 24 (11) 2006-2013, 2016-2017, 2019-2020
90%
174 Federico Higuaín MF, FW 5 0 (0) 2007-2008
88%
3 Javier Mascherano DF, MF 96 0 (3) 2006-2018
88%
18 Paulo Dybala MF, FW 53 18 (4) 2015-2022
87%
14 Hernán Crespo FW 58 23 (6) 2000-2008
85%
39 Julián Álvarez MF, FW 27 15 (5) 2022-2025
85%
171 Ricky Álvarez MF 5 1 (1) 2011-2012
85%
5 Javier Zanetti DF, MF 88 1 (2) 2002-2012
84%
85 Cristian Romero DF 14 1 (1) 2020-2021, 2022-2023
78%
125 Sergio Romero GK 9 0 (0) 2009-2010, 2017-2019
78%
242 Maximiliano Romero MF, FW 1 0 (0) 2018-2019
76%
246 Zaid Romero DF 1 0 (0) 2024-2025
76%
11 Martín Demichelis DF, MF 67 3 (1) 2003-2006, 2008-2010, 2012-2016
75%
21 Carlos Tevez MF, FW 46 13 (5) 2007-2008, 2011-2015
73%
25 Ezequiel Lavezzi MF, FW 39 9 (8) 2011-2016
73%
119 Enzo Fernández MF 9 0 (1) 2022-2023
72%
29 Rodrigo De Paul MF, FW 34 3 (1) 2015-2016, 2021-2025
72%
8 Esteban Cambiasso MF 78 6 (5) 2002-2011, 2015-2016
70%
46 Leandro Paredes MF 25 0 (2) 2018-2023
70%
36 Pablo Zabaleta DF, MF 30 1 (0) 2011-2017
70%
9 Ángel Correa MF, FW 78 6 (4) 2015-2025
69%
104 Diego Simeone MF 11 1 (0) 2000-2002
69%
90 Giovanni Simeone FW 13 5 (0) 2022-2024
69%
117 Giuliano Simeone DF, MF, FW 9 1 (2) 2024-2025
69%
32 Joaquín Correa MF, FW 33 6 (7) 2016-2017, 2020-2023
69%
19 Juan Sebastián Verón MF 49 5 (17) 2000-2006
69%
141 Augusto Fernández MF 7 0 (0) 2015-2016, 2017-2018
67%
83 Claudio López FW 14 6 (1) 2000-2001, 2003-2004
66%
135 Federico Fernández DF 7 2 (0) 2011-2012, 2013-2014
66%
24 Gabriel Heinze DF 41 3 (3) 2004-2011
66%
239 Juan Fernández DF, MF 1 0 (0) 2002-2003
66%
45 Kily González MF, FW 25 3 (1) 2000-2001, 2002-2006
66%
20 Lisandro López MF, FW 47 19 (7) 2005-2012
66%
134 Lisandro López DF 8 0 (0) 2014-2018
66%
12 Lucho González MF 63 17 (6) 2005-2014
66%
43 Mauro Icardi FW 25 11 (0) 2018-2021, 2023-2024
66%
182 Maxi López FW 4 1 (1) 2004-2005, 2011-2012
66%
150 Nicolás González MF, FW 6 1 (1) 2024-2025
66%
126 Alexis Mac Allister MF, FW 8 2 (0) 2024-2025
64%
94 Ezequiel González MF 12 4 (0) 2004-2006
64%
153 Gustavo López MF, FW 6 0 (1) 2003-2004
64%
26 Javier Pastore MF, FW 38 4 (3) 2012-2019
64%
54 Mariano González MF 21 1 (0) 2006-2010
64%
50 Diego Milito FW 22 9 (3) 2009-2012
63%
77 Gabriel Milito DF 16 0 (0) 2007-2008, 2009-2011
63%
96 Maxi Rodríguez MF, FW 12 3 (1) 2008-2010
63%
10 Walter Samuel DF 72 3 (1) 2001-2002, 2004-2011, 2014-2015
63%
99 Exequiel Palacios MF 12 0 (0) 2022-2023, 2024-2025
61%
51 Gonzalo Rodríguez DF 22 0 (1) 2005-2006, 2008-2009, 2011-2012
61%
48 Nahuel Molina DF 24 1 (2) 2022-2025
61%
44 Nicolás Tagliafico DF 25 4 (2) 2018-2022
61%
33 Érik Lamela MF, FW 31 2 (6) 2016-2019, 2021-2024
58%
41 Papu Gómez MF, FW 27 2 (5) 2019-2023
58%
74 Willy Caballero GK 17 0 (0) 2012-2013, 2015-2016, 2019-2020
58%
67 Giovani Lo Celso MF, FW 18 1 (1) 2017-2018, 2019-2020, 2021-2022
57%
72 Gabriel Batistuta FW 17 1 (0) 2001-2003
55%
60 Fernando Gago MF 20 0 (1) 2006-2009, 2012-2013
54%
63 Juan Román Riquelme MF 19 3 (6) 2002-2003, 2005-2006
52%
164 Marcos Rojo DF 6 0 (0) 2015-2016, 2017-2019
52%
16 Javier Saviola FW 56 18 (6) 2001-2002, 2004-2005, 2006-2008, 2010-2014
51%
55 Marcos Acuña DF, MF, FW 21 0 (4) 2017-2018, 2020-2024
49%
23 Ezequiel Garay DF 43 1 (0) 2009-2015, 2018-2020
48%
100 Gerónimo Rulli GK 12 0 (0) 2021-2022
48%
127 Gonzalo Montiel DF 8 1 (0) 2021-2023
48%
56 Enzo Pérez MF 21 0 (1) 2012-2016
46%
78 Juan Foyth DF, MF 16 0 (0) 2017-2019, 2021-2022
45%
152 Alejandro Garnacho MF, FW 6 1 (0) 2023-2024
43%
226 Nelson Benítez DF, MF 2 0 (0) 2008-2009
42%
65 Walter Benítez GK 19 0 (0) 2023-2025
42%
110 Leonardo Balerdi DF 10 1 (0) 2019-2020, 2022-2023
40%
42 Lucas Ocampos MF, FW 26 3 (1) 2014-2015, 2020-2024
40%
35 Éver Banega MF 30 3 (3) 2008-2009, 2010-2012, 2015-2016, 2017-2018
39%
57 Federico Fazio DF 21 0 (1) 2007-2008, 2009-2010, 2017-2019
39%
101 Lucas Biglia MF 12 0 (0) 2006-2007, 2012-2013
39%
22 Nicolás Gaitán MF, FW 46 5 (5) 2010-2018
37%
102 Paulo Gazzaniga GK 12 0 (0) 2018-2019, 2024-2025
37%
87 Roberto Pereyra DF, MF, FW 14 0 (1) 2014-2016
37%
162 Fernando Redondo MF 6 0 (0) 2002-2004
34%
40 Chori Domínguez MF, FW 27 5 (4) 2008-2009, 2010-2011, 2013-2016
33%
157 Emi Buendía MF, FW 6 0 (0) 2024-2025
33%
163 Juan Musso GK 6 0 (0) 2021-2022
33%
27 Pablo Aimar MF 37 5 (7) 2000-2001, 2002-2003, 2004-2005, 2010-2013
31%
31 Julio Ricardo Cruz FW 33 13 (4) 2003-2009
30%
138 Esteban Solari FW 7 1 (0) 2011-2012
28%
13 Santiago Solari MF 61 7 (4) 2000-2008
28%
186 Franco Di Santo MF, FW 4 0 (0) 2008-2009, 2018-2019
27%
221 Guillermo Burdisso DF 2 0 (0) 2010-2011
27%
47 Nicolás Burdisso DF 25 0 (0) 2004-2008, 2010-2011
27%
205 Christian Díaz DF, MF 3 0 (0) 2001-2002
24%
132 Hugo Campagnaro DF 8 0 (0) 2011-2012
24%
166 Mateo García MF, FW 6 0 (0) 2019-2020
24%
37 Roberto Ayala DF 29 3 (0) 2000-2001, 2002-2003, 2006-2007
24%
62 Diego Perotti MF, FW 19 4 (1) 2009-2010, 2015-2016, 2017-2019
22%
81 Gabriel Mercado DF 15 0 (0) 2016-2018
22%
49 José Luis Palomino DF 23 1 (1) 2016-2017, 2019-2022
22%
198 Nicolás Paz MF, FW 3 1 (0) 2023-2024
22%
66 Tino Costa MF 18 2 (4) 2010-2013
22%
148 Valentín Castellanos FW 7 0 (0) 2023-2024
22%
93 Christian Giménez FW 12 5 (1) 2002-2003
21%
113 Emiliano Insúa DF 10 0 (2) 2009-2010, 2013-2014
21%
160 Federico Insúa MF 6 0 (0) 2010-2011
21%
17 Lionel Scaloni DF, MF 54 2 (0) 2000-2004, 2007-2008
21%
144 Lucas Alario MF, FW 7 0 (0) 2019-2020, 2022-2023
21%
167 Mateo Musacchio DF 6 0 (0) 2011-2012, 2020-2021
21%
147 Santiago Castro FW 7 0 (0) 2024-2025
21%
89 Tomás Costa MF 14 0 (0) 2008-2011
21%
28 Eduardo Salvio MF, FW 35 4 (6) 2010-2011, 2012-2013, 2014-2019
19%
76 Franco Vázquez MF, FW 16 0 (2) 2016-2017, 2020-2021
19%
139 Jonathan Silva DF, MF, FW 7 1 (0) 2014-2015, 2017-2018
19%
121 José Sosa MF 9 0 (1) 2008-2009, 2013-2014
19%
103 Luciano Vietto MF, FW 11 2 (2) 2015-2018
19%
69 Cristian Ansaldi DF, MF, FW 18 0 (2) 2009-2010, 2013-2015
18%
159 Facundo Medina DF 6 0 (0) 2023-2024
18%
82 Juan Pablo Sorín DF, MF 15 0 (0) 2005-2007
18%
210 Matìas Soulé DF, MF, FW 3 0 (0) 2022-2023
18%
235 Enzo Barrenechea MF 1 0 (0) 2022-2023
16%
190 Leonardo Ulloa FW 4 0 (0) 2016-2017
16%
122 Agustín Marchesín GK 9 0 (0) 2020-2021
15%
130 Alan Varela MF 8 0 (0) 2023-2024
15%
118 Guido Pizarro MF 9 1 (0) 2017-2018
13%
38 Mauricio Pellegrino DF 28 0 (0) 2000-2001, 2002-2003, 2004-2005
13%
137 Mauro Zárate MF, FW 7 1 (1) 2011-2012
13%
59 Nicolás Pareja DF 20 2 (0) 2006-2007, 2010-2011, 2012-2013, 2016-2018
13%
156 Darío Benedetto MF, FW 6 0 (0) 2020-2021
12%
34 Diego Placente DF 31 0 (1) 2001-2002, 2004-2005, 2008-2010
12%
84 Facundo Ferreyra MF, FW 14 3 (1) 2013-2014, 2015-2016, 2017-2018
12%
227 Osmar Ferreyra MF 2 0 (0) 2004-2006
12%
231 Alan Ruiz MF, FW 1 0 (0) 2017-2018
10%
75 César Delgado MF, FW 16 1 (2) 2008-2011
10%
107 Cristian Ledesma MF 11 0 (0) 2007-2008, 2009-2010
10%
142 Fernando Cavenaghi FW 7 0 (0) 2006-2007, 2008-2010
10%
53 Franco Cervi DF, MF, FW 21 3 (1) 2016-2020
10%
92 Julio Hernán Rossi FW 12 5 (2) 2002-2003
10%
91 Leandro Cufré DF 13 0 (0) 2002-2003, 2004-2005, 2011-2012
10%
223 Lisandro Magallán DF 2 0 (0) 2018-2019
10%
201 Marcelo Gallardo MF 3 0 (1) 2000-2001
10%
178 Matías Kranevitter MF 5 0 (0) 2015-2017
10%
168 Matías Suárez MF, FW 6 0 (0) 2013-2015
10%
106 Pablo Piatti MF, FW 11 0 (1) 2011-2012, 2015-2016
10%
58 Roberto Bonano GK 21 0 (0) 2001-2003
10%
112 Sebastián Driussi MF, FW 10 1 (0) 2019-2021
10%
68 David Abraham DF 18 1 (0) 2008-2009, 2010-2012
9%
197 Emanuel Herrera FW 3 1 (0) 2012-2013
9%
114 Guido Carrillo FW 10 0 (1) 2016-2018
9%
123 Leo Franco GK 9 0 (0) 2001-2002, 2008-2009
9%
97 Matías Almeyda DF, MF 12 1 (1) 2002-2004
9%
70 Matías Emilio Delgado MF 18 0 (2) 2007-2008, 2013-2014, 2016-2017
9%
52 Nicolás Capaldo DF, MF 22 0 (0) 2021-2025
9%
98 Rodolfo Arruabarrena DF 12 1 (0) 2005-2006
9%
30 Aldo Duscher MF 34 0 (0) 2000-2004, 2009-2010
7%
131 Andrés Guglielminpietro MF 8 0 (0) 2000-2001, 2002-2003
7%
188 Gonzalo Escalante MF 4 0 (0) 2020-2021
7%
64 Hugo Ibarra DF 19 1 (0) 2001-2002, 2003-2004
7%
143 Leonel Núñez MF, FW 7 0 (0) 2007-2008, 2010-2011
7%
146 Nelson Vivas DF 7 0 (0) 2000-2001
7%
214 Abel Balbo FW 2 0 (0) 2001-2002
6%
212 Alejandro Alonso MF 2 1 (0) 2006-2007
6%
211 Diego Buonanotte MF, FW 2 1 (1) 2012-2013
6%
238 Juan Esnáider FW 1 0 (0) 2001-2002
6%
129 Luis Ibáñez DF, MF 8 0 (1) 2011-2013
6%
86 Mario Santana MF 14 1 (1) 2008-2009, 2011-2012
6%
179 Roberto Sensini DF 5 0 (0) 2005-2006
6%
169 Rodrigo Battaglia DF, MF 6 0 (0) 2017-2018
6%
215 Carlos Roa GK 2 0 (0) 2001-2002
4%
80 Franco Costanzo GK 15 0 (0) 2008-2009, 2010-2012
4%
222 Jesús Dátolo MF 2 0 (0) 2009-2010
4%
189 Leandro Grimi DF 4 0 (0) 2008-2009
4%
73 Lucas Bernardi MF 17 0 (0) 2003-2005
4%
109 Luciano Galletti MF 10 3 (2) 2007-2008, 2009-2010
4%
195 Sergio Almirón MF 4 0 (0) 2008-2009
4%
245 Valentin Carboni DF, MF, FW 1 0 (0) 2022-2023
4%
154 Alberto Acosta FW 6 0 (0) 2000-2001
3%
232 Alexandro Bernabei FW 1 0 (0) 2022-2023
3%
71 Ariel Ibagaza MF 17 1 (3) 2001-2002, 2008-2009, 2011-2013
3%
155 Benjamín Rollheiser MF, FW 6 0 (0) 2024-2025
3%
233 Cristian Lema DF 1 0 (0) 2018-2019
3%
217 Emanuel Centurión MF 2 0 (0) 2003-2004
3%
108 Fernando Belluschi MF 11 0 (0) 2007-2008, 2009-2010, 2011-2012
3%
206 Franco Jara FW 3 0 (0) 2010-2011
3%
236 Gastón Sauro DF 1 0 (0) 2013-2014
3%
207 Germán Conti DF 3 0 (0) 2018-2019
3%
220 Gonzalo Bergessio FW 2 0 (0) 2007-2008
3%
133 José Chamot DF 8 0 (0) 2000-2001, 2002-2003
3%
136 José Oscar Flores FW 7 1 (1) 2000-2001
3%
140 Julián Carranza FW 7 1 (0) 2024-2025
3%
240 Lautaro Acosta MF, FW 1 0 (0) 2009-2010
3%
105 Leandro Romagnoli MF 11 1 (0) 2006-2009
3%
209 Mario Bolatti MF 3 0 (0) 2007-2008, 2009-2010
3%
193 Pablo Cavallero GK 4 0 (0) 2003-2004
3%
203 Rodolfo Cardoso MF 3 0 (1) 2000-2001
3%
184 Agustín Farías MF, FW 4 0 (0) 2017-2018
1%
229 Cristian Maidana MF 1 0 (1) 2010-2011
1%
216 Diego Valeri MF, FW 2 0 (0) 2009-2010
1%
172 Eduardo Berizzo DF 5 0 (1) 2003-2004
1%
234 Emanuel Mammana DF 1 0 (0) 2016-2017
1%
95 Emmanuel Culio MF 12 3 (3) 2008-2009, 2010-2011
1%
120 Ernesto Farías FW 9 0 (1) 2007-2010
1%
183 Federico Almerares FW 4 1 (0) 2010-2011
1%
175 Fernando Cáceres DF 5 0 (0) 2003-2004
1%
79 Gabriel Schürrer DF 15 2 (0) 2003-2006
1%
237 José Ignacio Castillo FW 1 0 (0) 2009-2010
1%
176 Juan Manuel Insaurralde DF 5 0 (0) 2012-2013
1%
200 Lucas Castromán MF, FW 3 0 (2) 2000-2001
1%
145 Luciano Figueroa FW 7 0 (0) 2005-2006
1%
208 Marcos Gelabert MF 3 0 (0) 2008-2009
1%
165 Mariano Barbosa GK 6 0 (0) 2005-2006
1%
128 Mauro Rosales MF, FW 8 1 (0) 2004-2006
1%
196 Nicolás Frutos FW 3 2 (0) 2006-2007
1%
199 Pablo Batalla MF 3 1 (0) 2010-2011
1%
194 Sebastián Leto MF, FW 4 0 (0) 2007-2008, 2010-2011
1%
180 Sixto Peralta MF 5 0 (0) 2008-2009
1%
230 Abel Masuero DF 1 0 (0) 2011-2012
0%
115 Adrián Calello MF 10 0 (0) 2011-2013
0%
185 Andrés Madrid MF 4 0 (0) 2008-2009, 2010-2011
0%
204 Aníbal Matellán DF 3 0 (0) 2001-2002
0%
158 Ezequiel Ponce MF, FW 6 0 (0) 2018-2019
0%
173 Fabricio Fuentes DF 5 0 (0) 2008-2009
0%
218 Federico Nieto FW 2 0 (0) 2005-2006
0%
219 Fernando Ávalos DF 2 0 (0) 2001-2002
0%
161 Fernando D'Amico MF 6 0 (0) 2001-2002
0%
116 Fernando Galetto MF 10 0 (0) 2000-2002
0%
187 Gabriel Viglianti MF, FW 4 0 (0) 2011-2012
0%
149 Gustavo Colman MF 6 1 (1) 2011-2012
0%
213 Leonardo Biagini FW 2 1 (0) 2001-2002
0%
124 Leonardo Sigali DF 9 0 (0) 2015-2017
0%
191 Lucas Boyé FW 4 0 (0) 2018-2019
0%
241 Lucas Orbán DF 1 0 (0) 2015-2016
0%
224 Marcelo Carrusca MF 2 0 (0) 2006-2007
0%
177 Marco Ruben FW 5 0 (0) 2011-2013
0%
225 Martín Albano Pautasso DF 2 0 (0) 2006-2007
0%
192 Mauro Cetto DF 4 0 (0) 2001-2002
0%
202 Maximiliano Lovera DF, MF, FW 3 0 (1) 2019-2020
0%
111 Néstor Fabbri DF 10 1 (0) 2001-2002
0%
151 Pablo Brandán DF, MF 6 1 (1) 2009-2010
0%
243 Roberto Nanni FW 1 0 (0) 2003-2004
0%
244 Rodrigo Archubi MF 1 0 (0) 2007-2008
0%
170 Sebastián Dubarbier DF, FW 6 0 (0) 2008-2009
0%
228 Sergio Vittor DF, MF 2 0 (0) 2010-2011
0%
181 Tomas De Vincenti MF, FW 5 0 (0) 2014-2015
0%
No matching quizzes found
Score Distribution
Percent of People with Each Score
Percentile by Number Answered
Your Score History
You have not taken this quiz